书目信息 |
| 题名: |
孵化
|
|
| 作者: | 王雅林 著 | |
| 分册: | ||
| 出版信息: | 北京 社会科学文献出版社 2010.07 |
|
| 页数: | 282页 | |
| 开本: | 23cm | |
| 丛书名: | ||
| 单 册: | ||
| 中图分类: | F327.3 | |
| 科图分类: | ||
| 主题词: | 农业经济发展--研究--东北地区 , 农业经济发展 | |
| 电子资源: | ||
| ISBN: | 978-7-5097-1572-7 | |
| 000 | 01124nam0 2200265 450 | |
| 001 | 010050001872 | |
| 005 | 20120626152603.04 | |
| 010 | @a978-7-5097-1572-7@dCNY35.00 | |
| 100 | @a20100721d2010 em y0chiy0110 ea | |
| 101 | 0 | @achi |
| 102 | @aCN@b110000 | |
| 105 | @aaf z 000yy | |
| 106 | @ar | |
| 200 | 1 | @a孵化@9fu hua@e对东北农村的个案研究@dIncubation@ecase study of a village in northeast China@f王雅林等著@zeng |
| 210 | @a北京@c社会科学文献出版社@d2010.07 | |
| 215 | @a282页@c图,照片@d23cm | |
| 330 | @a本书采用田野调查等质性研究方法,深入、生动地描绘和揭示了东北农村地区政府、市场、社会三个要素组成的动力系统的发育与运行状态,以及农民的现实生存状态,内容涉及农村的经济、政治、社会、文化等诸多方面,特别是突出分析了困扰东北农村发展的政府因素和制度因素。 | |
| 510 | 1 | @aIncubation@ecase study of a vilage in northeast China@zeng |
| 517 | 1 | @a对东北农村的个案研究@9dui dong bei nong cun de ge an yan jiu |
| 606 | 0 | @a农业经济发展@x研究@y东北地区 |
| 606 | 0 | @a农业经济发展 |
| 690 | @aF327.3@v4 | |
| 701 | 0 | @a王雅林@9wang ya lin@4著 |
| 801 | 0 | @aCN@bRENTIAN@c20100721 |
| 905 | @b541217-21@dF327.3@e133@f5 | |
| 孵化:对东北农村的个案研究=Incubation:case study of a village in northeast China/王雅林等著.-北京:社会科学文献出版社,2010.07 |
| 282页:图,照片;23cm |
| ISBN 978-7-5097-1572-7:CNY35.00 |
| 本书采用田野调查等质性研究方法,深入、生动地描绘和揭示了东北农村地区政府、市场、社会三个要素组成的动力系统的发育与运行状态,以及农民的现实生存状态,内容涉及农村的经济、政治、社会、文化等诸多方面,特别是突出分析了困扰东北农村发展的政府因素和制度因素。 |
| ● |
| 相关链接 |
|
|
|
|
正题名:孵化
索取号:F327.3/133
 
预约/预借
| 序号 | 登录号 | 条形码 | 馆藏地/架位号 | 状态 | 备注 |
| 1 | 541217 | 205412178 | 第一样本阅览室/ [索取号:F327.3/133] | 在馆 | |
| 2 | 541218 | 205412187 | 第一借阅区/ [索取号:F327.3/133] | 在馆 | |
| 3 | 541219 | 205412196 | 密集书库-史法系/ [索取号:F327.3/133] | 在馆 | |
| 4 | 541220 | 205412203 | 第一借阅区/ [索取号:F327.3/133] | 在馆 | |
| 5 | 541221 | 205412212 | 第一借阅区/ [索取号:F327.3/133] | 在馆 |